Balls By Picture - Statistics

General Stats
  • This quiz has been taken 324 times
  • The average score is 6 of 8
Answer Stats
Picture Answer % Correct
Basketball
97%
Tennis Ball
96%
Golf Ball
89%
Volleyball
87%
Baseball
82%
Football
73%
Soccer Ball
62%
8 ball
47%
No matching quizzes found
Score Distribution
Percent of People with Each Score
Percentile by Number Answered
Your Score History
You have not taken this quiz